000 00932nam a2200217Ia 4500
003 GCL
005 20240530095733.0
008 140319s9999 xx 000 0 ara d
040 _aGCL /
_cGCL
082 0 4 _a213
_bا س
100 1 _aابوطلحة عمر بن ابراهيم بن حسن ال عبدالرحمن
245 1 0 _aسلسلة التنبيهات الهامة على الفاظ العامة فى دور العزاء والماتم وعند سماع المصائب والاتراح /
_cابوطلحة عمر بن ابراهيم بن حسن ال عبدالرحمن
250 _aالاولى
260 _aالاردن :
_bدار ابن الجوزى ،
_c2005
300 _a234 ص ؛
_c24 سم
650 0 4 _aالاخلاق الاسلامية
650 0 4 _aالاداب الاسلامية
650 0 4 _aالاسلام والاصلاح الاجتماعى
650 0 4 _aالوعظ والارشاد
942 _2ddc
_cBK
999 _c10101
_d10101